Score 0/16 Timer 02:00
7 Plays Today
Title Stage (S) or Film (F) % Correct
Shrek???
92.4%
The Lion King???
89.9%
Les Misérables???
89.3%
Beauty and the Beast???
88%
The Phantom of the Opera???
87%
School of Rock???
84.9%
Chicago???
84%
The Fiddler on the Roof???
83.8%
Title Stage (S) or Film (F) % Correct
Mary Poppins???
81.9%
Sweeney Todd: The Demon Barber of Fleet Street???
79.2%
West Side Story???
76.5%
My Fair Lady???
75.9%
Into the Woods???
71.2%
Sunset Boulevard???
59%
The Sound of Music ???
48.8%
Kinky Boots???
38.4%

You're not logged in!

Compare scores with friends on all Sporcle quizzes.
OR
Log In

Sporcle TV

Today on Sporcle TV


Watch our educational content, quiz creation guides, and fun videos on Sporcle TV.

Show Comments

Extras

Top Quizzes Today


Score Distribution

Paid Content

Your Account Isn't Verified!

In order to create a playlist on Sporcle, you need to verify the email address you used during registration. Go to your Sporcle Settings to finish the process.

Report this User

Report this user for behavior that violates our Community Guidelines.

Details: